banner koha

Combined of butaphosphan and cyanocobalamin on the glucose metabolism of dairy cows after calving (Registro n. 330471)

MARC details
000 -LÍDER
fixed length control field 05347nab a2200433 i 4500
003 - CÓDIGO MARC DA AGÊNCIA CATALOGADORA
Campo de controle BR-BrBNA
005 - DATA E HORA DA ÚLTIMA ATUALIZAÇÃO
Campo de controle 20250317163755.0
008 - CAMPO DE TAMANHO FIXO
fixed length control field 250317b2017 bl.|r|pooa||| 00| 0 eng |
040 ## - FONTE DA CATALOGAÇÃO
Agência catalogadora BR-BrBNA
Idioma da catalogação eng
072 ## - CATEGORIA AGRIS
Código AGRIS L50
Código do objeto 5214
072 ## - CATEGORIA AGRIS
Código AGRIS L51
072 ## - CATEGORIA AGRIS
Código AGRIS L53
100 ## - ENTRADA PRINCIPAL - NOME PESSOAL
Nome pessoal Tabeleão, V.C.
100 ## - ENTRADA PRINCIPAL - NOME PESSOAL
Nome pessoal Schwegler, E.
100 ## - ENTRADA PRINCIPAL - NOME PESSOAL
Nome pessoal Pereira, R.A.
100 ## - ENTRADA PRINCIPAL - NOME PESSOAL
Nome pessoal Krause, A.R.T.
100 ## - ENTRADA PRINCIPAL - NOME PESSOAL
Nome pessoal Montagner, P.
100 ## - ENTRADA PRINCIPAL - NOME PESSOAL
Nome pessoal Feijó, J.O.
100 ## - ENTRADA PRINCIPAL - NOME PESSOAL
Nome pessoal Schneider, A.
100 ## - ENTRADA PRINCIPAL - NOME PESSOAL
Nome pessoal Schmitt, E.
100 ## - ENTRADA PRINCIPAL - NOME PESSOAL
Nome pessoal Brauner, C.C.
100 ## - ENTRADA PRINCIPAL - NOME PESSOAL
Nome pessoal Rabassa, V.R.
100 ## - ENTRADA PRINCIPAL - NOME PESSOAL
Nome pessoal Del Pino, F.A.B.
100 ## - ENTRADA PRINCIPAL - NOME PESSOAL
Nome pessoal Corrêa, M.N.
245 ## - TÍTULO PRINCIPAL
Título principal Combined of butaphosphan and cyanocobalamin on the glucose metabolism of dairy cows after calving
500 ## - NOTA GERAL
Nota geral <br/>Publicação online; 31 ref.; 3 tables; Summaries (En, Pt)
942 ## - ADDED ENTRY ELEMENTS (KOHA)
Koha item type Analítica
520 ## - NOTA DE RESUMO
Nota de conteúdo <br/><br/>ABSTRACT - The hypothesis of this study is that the combined use of butaphosphan and cyanocobalamin could enhance peripheral insulin resistance, increasing the amount of glucose available for the mammary gland and milk production. Thus, our aim was to investigate the combined effects of butaphosphan and cyanocobalamin on the glucose metabolism in dairy cows during the postpartum period. Twenty one dairy cows were divided into two groups: Control Group (CON, n= 11), that received 5 injections of saline solution (20mL/animal 0.9 % NaCl), and Catosal group (ABC, n= 10) which received 5 injections of 20mL of a Butafosfan and Cyanocobalamin solution (Catosal® B12, 100mg of Butafosfan and 50µg Cyanocobalamin for mL). The injections were performed by intramuscular route, on days 7, 12, 17, 22 and 27 postpartum. Blood samples were taken on these days to evaluate plasma concentrations of phosphorus, glucose, non-esterified fatty acids (NEFA), albumin, aspartate aminotransferase (AST) and creatine kinase (CK). On days 8 and 28 postpartum, the animals were weighted and subjected to the glucose tolerance and insulin challenge tests. The treatment promoted weight loss (ABC 40.4kg, CON 10.73kg, P< 0.05) and increased AST (ABC 62.92 ±3.31U/L, CON 53.11 ±3.49U/L, P< 0.05) and CK levels (ABC 134.09 ±19.08U/L, CON 79.43 ±18.27U/L). Glucose metabolism (area under the curve) did not differ (P> 0.05) among groups on days 8 and 28; however, ABC animals showed higher serum glucose levels (P< 0.05) after insulin administration on day 28 postpartum (97.54 ±8.54mg/dL) when compared to day 8 (83.01 ±8.54mg/dL). It could be concluded that the combined use of butaphosphan and cyanocobalamin interferes positively with the adaptation of glucose metabolism in dairy cows in early lactation.<br/><br/><br/>Keywords: energetic metabolism, organic phosphorus, insulin resistance, dairy cows
520 ## - NOTA DE RESUMO
Nota de conteúdo <br/><br/>RESUMO - A hipótese deste estudo é de que o uso da combinação de butafosfan e cianocobalamina pode melhorar a resistência periférica à insulina, aumentar a quantidade de glicose disponível para a glândula mamária e a produção de leite. Assim, o objetivo foi investigar os efeitos combinados de butafosfan e cianocobalamina sobre o metabolismo da glicose em vacas leiteiras no período pós-parto. Vinte e uma vacas leiteiras foram divididas em dois grupos: grupo controle (CON, n= 11), que recebeu cinco aplicações de solução salina (20mL / animal 0,9% NaCl), e grupo Catosal® (ABC, n= 10), que recebeu cinco aplicações de 20mL de uma solução contendo as substâncias butafosfan e cianocobalamina (B12 Catosal®, 100mg da substância butafosfan e 50µg de cianocobalamina por mL). As aplicações foram realizadas por via intramuscular, nos dias sete, 12, 17, 22 e 27 pós-parto. As amostras de sangue foram coletadas para a avaliação das concentrações plasmáticas de fósforo, glicose, ácidos graxos não esterificados (AGNE), albumina, aspartato aminotransferase (AST) e creatina quinase (CK). Nos dias oito e 28 pós-parto, os animais foram pesados e submetidos aos testes de tolerância à glicose e à insulina. O tratamento promoveu perda de peso (ABC 40,4kg, CON 10,73kg, P<0,05) e aumento da AST (ABC 62,92 ±3,31U/L, CON 53,11±3,49 U / L, P<0,05) e dos níveis de CK (ABC 134,09± 19,08U / L, CON 79,43 ± 18,27U / L). Os grupos não diferiram quanto ao metabolismo (área sob a curva) da glicose nos dias oito e 28, porém os animais tratados tiveram um aumento na glicemia (P<0,05) no dia 28 pósparto (97,54 ± 8,54mg / dL), após a administração de insulina, em comparação ao dia oito (83,01 ± 8,54mg / dL). Assim, pode-se concluir que a combinação de butafosfan e cianocobalamina melhora a adaptação do metabolismo da glicose em vacas leiteiras no início da lactação.<br/><br/><br/>Palavras-chave: metabolismo energético, fósforo orgânico, resistência à insulina, vacas leiteiras
650 ## - ASSUNTO - THESAGRO
Cabeçalho tópico ou nome geográfico VACA LEITEIRA
650 ## - ASSUNTO - THESAGRO
Cabeçalho tópico ou nome geográfico PÓS-PARTO
650 ## - ASSUNTO - THESAGRO
Cabeçalho tópico ou nome geográfico BIOQUÍMICA
650 ## - ASSUNTO - THESAGRO
Cabeçalho tópico ou nome geográfico METABOLISMO
650 ## - ASSUNTO - THESAGRO
Cabeçalho tópico ou nome geográfico REPRODUÇÃO ANIMAL
650 ## - ASSUNTO - THESAGRO
Cabeçalho tópico ou nome geográfico FISIOLOGIA ANIMAL
773 0# - ENTRADA ANALÍTICA
Host Biblionumber 1643
Registro do item 349155
Imprenta Belo Horizonte-MG Universidade Federal de Minas Gerais - Escola de Veterinaria 1983
Outro identificador 2025-1673
Título Arquivo Brasileiro de Medicina Veterinária e Zootecnia (Brazil)
ISSN 0102-0935
Colação v. 69(2) p. 317-324; (2017)
Número de controle de registro BR2025000120
856 ## - ACESSO E ENDEREÇO ELETRÔNICO
Identificador uniforme de recurso - URI cielo.br/j/abmvz/a/WnSwXVNRmGhztKykcGhP4Cz/?format=pdf&lang=pt

Nenhum exemplar disponível.

BINAGRI

Telefone: (61)3218-2567/2388/3357/2097 - binagri@agro.gov.br

Ministério da Agricultura e Pecuária , Esplanada dos Ministérios, Bloco D, Anexo B, Brasília/DF, CEP: 70.043-900